Ратови звезда филмови - Statistics

General Stats
  • This quiz has been taken 92 times
  • The average score is 5 of 9
Answer Stats
Година Епизода Поднаслов % Correct
1980 5 Империја узвраћа ударац
77%
1983 6 Повратак џедаја
77%
1977 4 Нова нада
63%
2005 3 Освета сита
55%
2015 7 Буђење силе
54%
1999 1 Фантомска претња
49%
2002 2 Напад клонова
48%
2019 9 Успон Скајвокера
43%
2017 8 Последњи џедаји
25%
No matching quizzes found
Score Distribution
Percent of People with Each Score
Percentile by Number Answered
Your Score History
You have not taken this quiz